| 000 | 07314nam a22006497a 4500 | ||
|---|---|---|---|
| 005 | 20100811155634.0 | ||
| 010 | _aB-407557-592 | ||
| 020 |
_a9788172238445 _c399.00 |
||
| 035 | _aB-407557-592 | ||
| 037 | _bAakar Books | ||
| 082 | _a181.499 | ||
| 100 |
_aRadhakrishnan, S. _q(Sarvepalli), _911271 |
||
| 245 |
_aAn idealist view of life / _cby S. Radhakrishnan |
||
| 260 |
_aNoida _bHarperCollins Publishers a joint venture with The india Today Group _c2009 |
||
| 270 |
_aA-53, Sector-57 _bNOIDA |
||
| 300 |
_a361 p. _c21 cm(pbk) |
||
| 500 | _aIncludes index. | ||
| 650 |
_aReligious life _xHinduism. _911272 |
||
| 942 |
_2ddc _cEN _mRAD _h181.499 |
||
| 999 |
_c35190 _d35190 |
||